figure out the taylor swift song pt 4 - Statistics

General Stats
  • This quiz has been taken 39 times
  • The average score is 160 of 289
Answer Stats
Answer % Correct
i
100%
a
97%
you
94%
the
88%
and
84%
me
84%
your
84%
it
81%
im
78%
in
78%
is
78%
on
78%
be
75%
my
75%
to
75%
when
75%
youre
75%
no
72%
for
66%
if
66%
never
66%
see
66%
that
66%
ill
63%
its
63%
like
63%
of
63%
with
63%
all
59%
but
59%
know
56%
just
53%
could
50%
heart
50%
would
50%
always
47%
cause
47%
as
44%
gonna
44%
our
44%
gone
41%
had
41%
has
41%
id
41%
now
41%
think
41%
die
38%
friend
38%
got
38%
peace
34%
best
31%
blues
31%
child
31%
come
31%
each
31%
enough
31%
give
31%
keep
31%
loves
31%
only
31%
other
31%
people
31%
theres
31%
these
31%
wild
31%
fences
28%
fire
28%
friends
28%
makes
28%
show
28%
sit
28%
swing
28%
talk
28%
two
28%
understand
28%
age
25%
brittle
25%
brother
25%
comes
25%
coming
25%
family
25%
lives
25%
rain
25%
secret
25%
seem
25%
shit
25%
silence
25%
summer
25%
trenches
25%
warm
25%
around
22%
cascade
22%
chose
22%
clear
22%
clowns
22%
corner
22%
darling
22%
details
22%
devils
22%
east
22%
honor
22%
integrity
22%
long
22%
ocean
22%
small
22%
suddenly
22%
sunshine
22%
wasting
22%
wave
22%
west
22%
courage
19%
danger
19%
dreamscapes
19%
paint
19%
standing
19%
wall
19%
convictions
16%
near
16%
robbers
16%
No matching quizzes found
Score Distribution
Percent of People with Each Score
Percentile by Number Answered
Your Score History
You have not taken this quiz